El código de procedimientos penales concordado con el código penal

Uloženo v:
Podrobná bibliografie
Hlavní autor: Rodriguez, Ricardo (Autor)
Médium: Kniha
Jazyk:španělština
Vydáno: Ciudad de México Herrero Hermanos 1902
Témata:
Tagy: Přidat tag
Žádné tagy, Buďte první, kdo vytvoří štítek k tomuto záznamu!

MARC

LEADER 00000nam a2200000 a 4500
001 UCY2994
003 CL-VaPUC
008 941205e19020000MX |||||||||||||||||spa|d
082 0 4 |a 345.05  |b ROD  |2 21 
100 0 |a Rodriguez, Ricardo  |e author  |9 331172 
245 1 3 |a El código de procedimientos penales concordado con el código penal 
300 |a 244 p 
942 |c BK 
945 |d 19941205 00:00:00  |a aalvarez 
260 |a Ciudad de México  |b Herrero Hermanos  |c 1902 
650 0 |a Procedimiento penal  |9 254974 
650 0 |a Código de procedimiento civil  |9 256305 
651 0 |a México  |9 255269 
583 |a last modification  |c 19941205 00:00:00  |k Rodrigo Vera 
999 |c 231248  |d 231246 
952 |0 0  |1 0  |4 0  |6 345_050000000000000_ROD_1902  |7 0  |8 DER_ROM  |9 234264  |a BIBDER  |b BIBDER  |d 2019-11-15  |i 3039811  |o 345.05 ROD 1902  |p 3039811  |r 2023-01-25  |w 2019-11-15  |x Ubicación 4to piso  |y BK_X  |z Este recurso debe solicitarse con anticipación  |k DER